000 00436nam a2200169Ia 4500
003 STCL
008 181203s9999 xx 000 0 und d
020 _a9780674022874
040 _aSTCL
_bEN
_cSTCL
082 _222
100 _aBenjamin, Walter
245 4 _aThe Writer of Modern Life: Essays on Charles Baudelaire
260 _bHarvard University Press
_aCambridge
_c2006
300 _a306
546 _aEnglish
942 _2ddc
_cBK
999 _c86882
_d86882